LDR 00739naa#a2200181#i#450# 001 EN\INFRA-M\bibl\122741 005 20260703060830.5 011 ## _a2500-333X 100 ## _a20260618b2026####ek#y0engy0150####ca 102 ## _aRU 200 1# _aApproaches to combating crime using modern technology in criminal law _eJournal article 210 1# _aMoscow _cINFRA-M Academic Publishing LLC. _d2026 215 ## _a7 с. 608 ## _aJournal article _2local 675 ## _aУголовное право. Уголовное судопроизводство. Криминология. Криминалистика. 343 _aПраво. Юридические науки. 34 _z 700 #1 _aKorotchenkov _gDenis Alekseevich 700 #1 _aPak _gZlata Alekseevna 856 4# _anaukaru.ru _u